[Event "Katowice op"]
[Site "Katowice"]
[Date "1990.??.??"]
[Round "3"]
[White "Kovalev, Andrei"]
[Black "Zowada, Kazimierz"]
[Result "1-0"]
[WhiteElo "2500"]
[BlackElo "2275"]

1.e4 c5 2.Nf3 e6 3.d4 cxd4 4.Nxd4 a6 5.Bd3 Qc7 6.Be3 Nf6 7.O-O Nc6 8.Nxc6 bxc6
9.c4 d5 10.Nc3 dxe4 11.Nxe4 Be7 12.Bd4 c5 13.Qf3 Bb7 14.Bxf6 gxf6 15.Nxf6+ Kf8
16.Be4 Rb8 17.Rad1 Bxe4 18.Nxe4 Qe5 19.b3 Rg8 20.Rfe1 Rg6 21.g3 Qc7 22.Rd3 Rd8
23.Rxd8+ Qxd8 24.Qh5 Qa5 25.Re2 Kg8 26.Qe5 Qb6 27.Rd2 f6 28.Qc3 f5 29.Rd7 Bh4
30.Qf3 Qa5 31.Nd2 Kh8 32.Qh5 Rg7 33.Qe8+ Rg8 34.Qf7  1-0

[Event "Balkaniad"]
[Site "Kavala"]
[Date "1990.??.??"]
[Round "2"]
[White "Gavrilakis, Nikolaos"]
[Black "Velikov, Petar"]
[Result "0-1"]
[WhiteElo "2390"]
[BlackElo "2495"]

1.e4 c5 2.Nf3 e6 3.d4 cxd4 4.Nxd4 a6 5.Bd3 Nf6 6.O-O Qc7 7.Qe2 d6 8.c4 Nbd7
9.Nc3 Ne5 10.Kh1 Be7 11.f4 Nxd3 12.Qxd3 O-O 13.b3 b6 14.Bb2 Bb7 15.Rae1 Rad8
16.Qg3 Rfe8 17.Re3 Qd7 18.Qe1 g6 19.f5 Ng4 20.f6 Bxf6 21.Rxf6 Nxf6 22.Qh4 Qe7
23.Rh3 Nh5 24.Qf2 f5 25.Rxh5 gxh5 26.exf5 exf5 27.Nde2 f4 28.h3 Qe3 29.Qh4 Bxg2+
30.Kh2 Be4 31.Nxf4 Qd2+ 32.Kg3 Qe1+  0-1

[Event "Balkaniad"]
[Site "Kavala"]
[Date "1990.??.??"]
[Round "2"]
[White "Moutousis, Konstantinos"]
[Black "Velikov, Petar"]
[Result "0-1"]
[WhiteElo "2395"]
[BlackElo "2495"]

1.e4 c5 2.Nf3 e6 3.d4 cxd4 4.Nxd4 a6 5.Bd3 Nf6 6.Qe2 d6 7.c4 Nbd7 8.Nc3 Qc7
9.O-O g6 10.Nf3 Bg7 11.Bf4 Ng4 12.Rac1 Nge5 13.Rfd1 O-O 14.b3 b6 15.Bb1 Re8
16.Kh1 Bb7 17.Qd2 Bf8 18.Nxe5 Nxe5 19.Qd4 Rab8 20.Na4 Bc6 21.c5 bxc5 22.Nxc5 Qb6
23.Bg3 Rec8 24.Qd2 a5 25.h3 Qb4 26.Qe3 Qb6 27.Qe1 Bb5 28.Na4 Bxa4 29.bxa4 Bh6
30.f4 Nc4 31.Bd3 Nb2 32.Rd2 Nxa4 33.Rdc2 Rxc2 34.Bxc2 Nb2 35.Rb1 Qc5 36.Qe2 Bg7
37.Kh2 Bd4 38.Bb3 Na4 39.Qd3 Nc3 40.Rc1 Rc8 41.f5 exf5 42.exf5 d5 43.h4 Re8
44.fxg6 hxg6 45.Bxd5 Qxd5 46.Rxc3 Rd8  0-1

[Event "Balkaniad"]
[Site "Kavala"]
[Date "1990.??.??"]
[Round "5"]
[White "Kotronias, Vasilios"]
[Black "Velikov, Petar"]
[Result "1/2-1/2"]
[WhiteElo "2500"]
[BlackElo "2495"]

1.e4 c5 2.Nf3 e6 3.d4 cxd4 4.Nxd4 a6 5.Bd3 g6 6.O-O Bg7 7.c3 d6 8.f4 Nf6
9.a4 O-O 10.Nf3 Nbd7 11.Bc2 Qc7 12.a5 b5 13.axb6 Nxb6 14.Na3 Bb7 15.Qe2 Nbd7
16.Ng5 h6 17.Nh3 Nc5 18.Nf2 a5 19.Nb5 Qb6 20.Be3 Ba6 21.c4 Bb7 22.Rad1 Rfd8
23.Rd2 Qc6 24.Nc3 a4 25.Qd1  1/2-1/2

[Event "Balkaniad"]
[Site "Kavala"]
[Date "1990.??.??"]
[Round "6"]
[White "Moutousis, Konstantinos"]
[Black "Strikovic, Aleksa"]
[Result "0-1"]
[WhiteElo "2395"]
[BlackElo "2510"]

1.e4 c5 2.Nf3 e6 3.d4 cxd4 4.Nxd4 a6 5.Bd3 Nf6 6.Qe2 d6 7.c4 g6 8.O-O Bg7
9.Nc3 Nbd7 10.Nf3 Qc7 11.Rd1 O-O 12.Bf4 Ng4 13.Rac1 b6 14.b3 Nde5 15.h3 Nxf3+
16.Qxf3 Ne5 17.Qe3 Rb8 18.Bf1 Re8 19.Qd2 Bf8 20.Bg5 f5 21.Be3 Bd7 22.f4 Nf7
23.Qf2 Bg7 24.exf5 gxf5 25.b4 Rec8 26.b5 axb5 27.Nxb5 Bxb5 28.cxb5 Qa7 29.Bxb6 Qa4
30.Ba7 Ra8 31.Be3 d5 32.b6 Nd6 33.Rxc8+ Rxc8 34.Rd3 Ne4 35.Qh4 Bf6 36.Qh6 d4
37.Rxd4 Bxd4 38.Qxe6+ Kg7 39.Qe7+ Kh8  0-1

[Event "Kecskemet"]
[Site "Kecskemet"]
[Date "1990.??.??"]
[Round "8"]
[White "Karolyi, Tibor Jr"]
[Black "Videki, Sandor"]
[Result "1/2-1/2"]
[WhiteElo "2440"]
[BlackElo "2440"]

1.e4 c5 2.Nf3 e6 3.d4 cxd4 4.Nxd4 a6 5.Bd3 Qc7 6.c4 d6 7.O-O b6 8.Nc3 Bb7
9.Be3 Nf6 10.f3 Nbd7 11.Rc1 Be7 12.g3 O-O 13.Qd2 Rac8 14.Rfd1 Rfe8 15.Bf1 Qb8
16.Qf2 Bd8 17.g4 Be7 18.g5 Nh5 19.Nde2 g6 20.Ng3 Nxg3 21.hxg3 Rcd8 22.f4 Nc5
23.Bg2 Qa8 24.Qc2 Nd7 25.Qf2 Nc5 26.Qc2 Nd7 27.b4 Nb8 28.a3 Nd7 29.Qf2 Qb8
30.Kh2  1/2-1/2

[Event "URS-Army"]
[Site "Khabarovsk"]
[Date "1990.??.??"]
[Round "?"]
[White "Semeniuk, Alexander A"]
[Black "Chuchelov, Vladimir"]
[Result "0-1"]
[WhiteElo "2340"]
[BlackElo "2375"]

1.e4 c5 2.Nf3 e6 3.d4 cxd4 4.Nxd4 a6 5.Bd3 Qc7 6.O-O Nf6 7.Qe2 d6 8.c4 g6
9.Nc3 Bg7 10.Be3 O-O 11.Rac1 Nbd7 12.f4 Re8 13.Kh1 b6 14.b4 Bb7 15.Nb3 Rac8
16.c5 dxc5 17.bxc5 Nxc5 18.Nxc5 bxc5 19.Bxa6 Bxa6 20.Qxa6 c4 21.a4 Ra8 22.Qb5 Reb8
23.Qg5 Rb3 24.e5 Rxc3 25.exf6 Rxe3 26.fxg7 Rxa4 27.Rfd1 Rd3 28.Qf6 Raa3 29.Rxd3 Rxd3
30.Ra1 Qd8 31.Qxd8+ Rxd8 32.Kg1 Rd4 33.g3 c3 34.Ra8+ Kxg7 35.Rc8 Rd1+ 36.Kf2 Rd2+
37.Ke3 Rxh2 38.Rxc3 h5 39.Kf3 h4 40.Kg4 hxg3 41.Kxg3 Rh5  0-1

[Event "Kherson"]
[Site "Kherson"]
[Date "1990.??.??"]
[Round "?"]
[White "Shmuter, Leonid"]
[Black "Kushch, Nikolai"]
[Result "1/2-1/2"]
[WhiteElo "2405"]
[BlackElo "2300"]

1.e4 c5 2.Nf3 e6 3.d4 cxd4 4.Nxd4 a6 5.Bd3 Nf6 6.O-O Qc7 7.Qe2 d6 8.c4 g6
9.Nc3 Bg7 10.Be3 O-O 11.f4 Nbd7 12.a4 b6 13.Rfd1 Nc5 14.Bc2 Bb7 15.Bf2 Nh5
16.Qd2 Rae8 17.b4 Nd7 18.Nde2  1/2-1/2

[Event "Kherson"]
[Site "Kherson"]
[Date "1990.??.??"]
[Round "?"]
[White "Izhnin, A."]
[Black "Kushch, Nikolai"]
[Result "0-1"]
[WhiteElo "2300"]
[BlackElo "2300"]

1.e4 c5 2.Nf3 e6 3.d4 cxd4 4.Nxd4 a6 5.Bd3 Nf6 6.O-O Qc7 7.Qe2 d6 8.c4 g6
9.Nc3 Bg7 10.Rd1 O-O 11.Nf3 Nc6 12.Bf4 Nd7 13.Rac1 Nde5 14.Bb1 Qe7 15.Kh1 Rd8
16.Bg5 f6 17.Be3 Bd7 18.Ng1 g5 19.Bb6 Rdc8 20.b3 Nd8 21.a4 Ndf7 22.a5 Bh6
23.Rc2 Kh8 24.Ba2 Rg8 25.b4 g4 26.c5 dxc5 27.Bxc5 Qe8 28.Be3 Bf8 29.Rb2 Nd6
30.Bd4 Qh5 31.Qe3 Rg6 32.Qf4 g3 33.fxg3 Ng4 34.h3 e5 35.Qf3 exd4 36.Rxd4 Qh6
37.Rbd2 Ne5 38.Qf4 Qg7 39.Rxd6 Bxd6 40.Rxd6 Rxg3 41.Nce2 Rxg2 42.Qxf6 Qxf6
43.Rxf6 Rg6 44.Rf1 Bc6 45.Bd5 Rd8 46.Rf5 Rxd5  0-1

[Event "JUG-ch"]
[Site "Kladovo"]
[Date "1990.??.??"]
[Round "?"]
[White "Laketic, Gojko"]
[Black "Cabrilo, Goran"]
[Result "1-0"]
[WhiteElo "2425"]
[BlackElo "2480"]

1.e4 c5 2.Nf3 e6 3.d4 cxd4 4.Nxd4 a6 5.Bd3 Nf6 6.O-O Qc7 7.Kh1 Nc6 8.Nxc6 bxc6
9.f4 d5 10.e5 Nd7 11.Nd2 Be7 12.Qh5 Nc5 13.Nb3 Nxd3 14.cxd3 c5 15.Be3 Qb6
16.Rac1 d4 17.Bf2 Bb7 18.Nd2 Bd5 19.b3 Qb7 20.Qg4 O-O 21.Rfe1 f5 22.exf6 Rxf6
23.Ne4 Rg6 24.Qe2 Rf8 25.Bg3 Rf5 26.Rf1 h5 27.h3 a5 28.Bh2 h4 29.Rf2 a4 30.bxa4 c4
31.Rxc4 Bxc4 32.dxc4 Qd7 33.Qd3 Qxa4 34.Rb2 Qa3 35.Qb1 Qe3 36.Nf2 Bf6 37.Ng4 Qc3
38.Rb8+ Kh7 39.Rf8 Be7 40.Ra8 Qxc4 41.Qb8  1-0

[Event "Kuala Lumpur zt"]
[Site "Kuala Lumpur"]
[Date "1990.??.??"]
[Round "?"]
[White "Liang Jinrong"]
[Black "Garbett, Paul Anthony"]
[Result "1-0"]
[WhiteElo "2455"]
[BlackElo "2295"]

1.e4 c5 2.Nf3 e6 3.d4 cxd4 4.Nxd4 a6 5.Bd3 Nf6 6.O-O d6 7.c4 Bd7 8.Nc3 Nc6
9.Be3 Ne5 10.Be2 Rc8 11.f4 Nxc4 12.Bxc4 Rxc4 13.e5 Rxc3 14.bxc3 Nd5 15.Qf3 Qc7
16.f5 dxe5 17.fxe6 Bxe6 18.Nxe6 fxe6 19.Kh1 Bd6 20.Bd2 Nf6 21.Rab1 e4 22.Qh3 Qc4
23.Bg5 O-O 24.Bxf6 Rxf6 25.Rxf6 gxf6 26.Qg4+ Kh8 27.Qd1 Qc5 28.Qd4 Qxd4 29.cxd4 b5
30.Rc1 Bb4 31.Rc6 e5 32.dxe5 fxe5 33.Kg1 a5 34.Kf1 Kg7 35.Ke2 Ba3 36.Rb6 b4
37.Ra6 Bc1 38.Rxa5 Kf6 39.Rb5 Ba3 40.Rb6+ Kg5 41.Rc6 Bb2 42.Rc4 Bc3 43.a3  1-0

[Event "Lyon zt"]
[Site "Lyon"]
[Date "1990.??.??"]
[Round "13"]
[White "Koch, Jean Rene"]
[Black "Kuijf, Marinus"]
[Result "1-0"]
[WhiteElo "2425"]
[BlackElo "2490"]

1.e4 c5 2.Nf3 e6 3.d4 cxd4 4.Nxd4 a6 5.Bd3 Nf6 6.O-O Qc7 7.Qe2 d6 8.c4 g6
9.b3 Bg7 10.Bb2 O-O 11.Kh1 Nbd7 12.f4 e5 13.fxe5 Nxe5 14.Nc3 Neg4 15.Nf3 Re8
16.Nd5 Nxd5 17.cxd5 Bxb2 18.Qxb2 Bd7 19.h3 Ne5 20.Nxe5 Rxe5 21.a4 Rc8 22.Rf6 Qc3
23.Qxc3 Rxc3 24.Rxd6 Be8 25.Rd1 Rxb3 26.Rd8 Kg7 27.d6 Bc6 28.d7 Kh6 29.Bc2 Rb2
30.Rc8 Bxd7 31.Rxd7 f5 32.exf5 Re1+ 33.Kh2 Re2 34.fxg6 hxg6 35.h4  1-0

[Event "Mannheim BM"]
[Site "Mannheim"]
[Date "1990.??.??"]
[Round "2"]
[White "Arnold, Lothar"]
[Black "Schneider, Bernd"]
[Result "0-1"]
[WhiteElo "2280"]
[BlackElo "2460"]

1.e4 c5 2.Nf3 e6 3.d4 cxd4 4.Nxd4 a6 5.Bd3 Qc7 6.O-O Nf6 7.Qe2 d6 8.c4 Be7
9.Nc3 Nc6 10.Nxc6 bxc6 11.f4 e5 12.f5 Bb7 13.Be3 Qa5 14.a3 O-O 15.b4 Qd8
16.Rad1 d5 17.cxd5 cxd5 18.Nxd5 Bxd5 19.exd5 Qxd5 20.Bxa6 Qb3 21.Rd3 Qa4
22.Bc4 Qc6 23.Rc1 Qe4 24.Qf3 Qh4 25.g3 Qh3 26.Rdc3 e4 27.Qf1 Qxf1+ 28.Kxf1 Ng4
29.Bc5 Bg5 30.Bxf8 Bxc1 31.Rxc1 Kxf8 32.Be2 Ne3+ 33.Kf2 Rxa3 34.Rc5 Ke7 35.g4 Kd6
36.Ra5 Rb3 37.Ra7 h5 38.Rxf7 hxg4 39.Rxg7 Nxf5 40.Rxg4 Rxb4 41.Rg8 Rb2 42.Ke1 Ke5
43.Rf8 Nd4 44.Bf1 Rxh2 45.Rg8 Ra2 46.Bb5 Rh2 47.Ba4 e3 48.Re8+ Kf4 49.Rf8+ Ke4
50.Kf1 e2+ 51.Ke1 Nf3+ 52.Rxf3 Kxf3 53.Bc6+ Ke3 54.Bg2 Rh4 55.Bd5 Rf4  0-1

[Event "Mar del Plata op"]
[Site "Mar del Plata"]
[Date "1990.??.??"]
[Round "?"]
[White "Toth, Christian Endre"]
[Black "Trincado, Juan Fernando"]
[Result "0-1"]
[WhiteElo "2290"]
[BlackElo "2300"]

1.e4 c5 2.Nf3 e6 3.d4 cxd4 4.Nxd4 a6 5.Bd3 d6 6.O-O Nf6 7.c4 Be7 8.Nc3 Qc7
9.Kh1 O-O 10.f4 Nbd7 11.Qe2 b6 12.Bd2 Bb7 13.Rae1 Rad8 14.Rf3 Rfe8 15.Rh3 Bf8
16.Nf3 g6 17.Ng5 Nc5 18.Bc2 h6 19.e5 dxe5 20.fxe5 Ng4 21.Nge4 Nxe4 22.Nxe4 Bxe4
23.Bxe4 Qxe5 24.Qxg4 Rxd2 25.Rf1 Bg7 26.b4 Rf2 27.Rf3 Rxf1+ 28.Rxf1 Rd8 29.Qf3 f5
30.Bb7 Rd2 31.a3 a5 32.c5 axb4 33.cxb6 bxa3 34.Qxa3 Qb5 35.Qc1 Rd6 36.Qc8+ Kh7
37.Rc1 Rxb6 38.Bc6 Qc5  0-1

[Event "Marseille"]
[Site "Marseille"]
[Date "1990.??.??"]
[Round "5"]
[White "Prie, Eric"]
[Black "Hulak, Krunoslav"]
[Result "0-1"]
[WhiteElo "2435"]
[BlackElo "2560"]

1.e4 c5 2.Nf3 e6 3.d4 cxd4 4.Nxd4 a6 5.Bd3 Nf6 6.O-O d6 7.c4 Nbd7 8.Nc3 b6
9.b3 Bb7 10.Qe2 g6 11.Ba3 Be7 12.Rad1 O-O 13.Bb1 Qc7 14.Rd3 Rad8 15.Re1 Qb8
16.Rh3 Rfe8 17.Nf3 Bf8 18.Bb2 Bg7 19.Qd2 Ba8 20.Qg5 h5 21.Rg3 Rc8 22.a4 Qc7
23.h3 Nf8 24.Qf4 N6d7 25.Nd1 e5 26.Qd2 Nc5 27.Qb4 Nce6 28.Qa3 Nd4 29.b4 Nfe6
30.Ne3 Nf4 31.Bd3 a5 32.bxa5 bxa5 33.Nd5 Bxd5 34.cxd5 Nc2 35.Bxc2 Qxc2 36.Kf1 Rb8  0-1

[Event "Melbourne Masters"]
[Site "Melbourne"]
[Date "1990.??.??"]
[Round "7"]
[White "Fuller, Maxwell L"]
[Black "Gedevanishvili, Dmitry"]
[Result "0-1"]
[WhiteElo "2325"]
[BlackElo "2420"]

1.e4 c5 2.Nf3 e6 3.d4 cxd4 4.Nxd4 a6 5.Bd3 Nf6 6.O-O d6 7.f4 g6 8.Kh1 Bg7
9.Nd2 O-O 10.N4f3 Nbd7 11.Nc4 Qc7 12.e5 dxe5 13.Ncxe5 Nc5 14.Bd2 b5 15.Qe1 Bb7
16.Qh4 Nxd3 17.cxd3 Nd5 18.Ng5 h6 19.Ne4 Qd8 20.Qxd8 Rfxd8 21.Ba5 Ne3 22.Bxd8 Nxf1
23.Bb6 Bxe4 24.dxe4 Nd2 25.Re1 Rc8 26.Nd3 Nc4 27.Bf2 Nxb2 28.Nxb2 Bxb2 29.e5 Rc2
30.Bh4 Bc3 31.Rd1 Rd2 32.Rxd2 Bxd2 33.Bg3 Be3 34.h3 Kf8 35.Bh2 a5 36.g4 b4
37.Bg3 a4 38.Be1 b3 39.axb3 axb3 40.Bc3 Bc1  0-1

[Event "Metz op"]
[Site "Metz"]
[Date "1990.??.??"]
[Round "9"]
[White "Ivanovic, Bozidar"]
[Black "Spassov, Liuben"]
[Result "1/2-1/2"]
[WhiteElo "2520"]
[BlackElo "2400"]

1.e4 c5 2.Nf3 e6 3.d4 cxd4 4.Nxd4 a6 5.Bd3 Nf6 6.O-O Qc7 7.Qe2 d6 8.c4 g6
9.Nc3 Bg7 10.Be3 O-O 11.Kh1 b6 12.Rac1 Nbd7 13.f4 Bb7 14.Nb3 Rfe8 15.Nd2 Nc5
16.Bb1 Rad8 17.b4 Ncd7 18.Nb3 Rc8 19.Bd3 Qb8 20.Bd2 Red8 21.Be1 Re8 22.Bd2 Rcd8
23.Rce1 Qc7 24.Qf2 Ba8 25.Re2 Bb7 26.Rc1 Ba8 27.h3 Bb7 28.Be3 Rc8 29.Rec2 Ba8
30.Nd2 Rb8 31.a3 Rec8 32.Nf3 Rd8 33.Ng5 Re8 34.Re1 Rbc8 35.Bd2 Red8 36.Rcc1 Bb7
37.Re2 Ba8  1/2-1/2

[Event "Moscow op"]
[Site "Moscow"]
[Date "1990.??.??"]
[Round "?"]
[White "Kremenietsky, Anatoly M"]
[Black "Anikaev, Yuri N"]
[Result "1-0"]
[WhiteElo "2390"]
[BlackElo "2445"]

1.e4 c5 2.Nf3 e6 3.d4 cxd4 4.Nxd4 a6 5.Bd3 Nf6 6.O-O d6 7.c4 b6 8.Nc3 Bb7
9.f4 Be7 10.f5 Nc6 11.Nxc6 Bxc6 12.fxe6 fxe6 13.Qf3 O-O 14.Qh3 e5 15.Bg5 Bd7
16.Qg3 Kh8 17.Qh4 Be8 18.Nd5 Bg6 19.Bxf6 Bxf6 20.Qg4 Bf7 21.Rf3 Bxd5 22.exd5 g6
23.Rh3 e4 24.Qxe4 Ra7 25.Qxg6 Qe7 26.Qg4 Qe5 27.Rb1 Rg7 28.Qe4 Qxe4 29.Bxe4 Bd4+
30.Kh1 Rf2 31.Rh6 Re7 32.Re6 Rxe6 33.dxe6 Re2 34.Bd5 Bxb2 35.g3 Kg7 36.a4 a5
37.c5 dxc5 38.Bc4 Re4 39.e7 Rxe7 40.Rxb2 Kf6  1-0

[Event "Moscow1"]
[Site "Moscow"]
[Date "1990.??.??"]
[Round "?"]
[White "Nikolenko, Oleg"]
[Black "Dragomarezkij, Evgeni"]
[Result "1/2-1/2"]
[WhiteElo "2385"]
[BlackElo "2385"]

1.e4 c5 2.Nf3 e6 3.d4 cxd4 4.Nxd4 a6 5.Bd3 g6 6.c4 Bg7 7.Be3 Ne7 8.Nc3 d5
9.exd5 exd5 10.cxd5 Nxd5 11.Nxd5 Qxd5 12.O-O O-O 13.Rc1 Qxa2 14.Qc2 Nc6 15.Nxc6 bxc6
16.Qxc6 Be6 17.b4 Bd5 18.Qc2  1/2-1/2

[Event "New York op"]
[Site "New York"]
[Date "1990.??.??"]
[Round "3"]
[White "Rowley, Robert"]
[Black "Cabrilo, Goran"]
[Result "0-1"]
[WhiteElo "2380"]
[BlackElo "2480"]

1.e4 c5 2.Nf3 e6 3.d4 cxd4 4.Nxd4 a6 5.Bd3 Nf6 6.O-O Qc7 7.Nc3 Nc6 8.Nxc6 bxc6
9.b3 Be7 10.Bb2 d5 11.f4 c5 12.exd5 exd5 13.Qf3 Bb7 14.Rae1 O-O 15.Qh3 h6
16.Re5 c4 17.bxc4 dxc4 18.Bxc4 Qxc4 19.Rxe7 Qb4 20.Qe3 Rae8 21.Rxe8 Rxe8
22.Qc1 Qb6+ 23.Kh1 Ng4 24.h3 Re3  0-1

[Event "Novi Sad ol (Men)"]
[Site "Novi Sad"]
[Date "1990.??.??"]
[Round "4"]
[White "Gdanski, Jacek"]
[Black "Hasan, Younus"]
[Result "1-0"]
[WhiteElo "2420"]
[BlackElo "2260"]

1.e4 c5 2.Nf3 e6 3.d4 cxd4 4.Nxd4 a6 5.Bd3 Bc5 6.Nb3 Ba7 7.Nc3 Nc6 8.Qe2 d6
9.Be3 Bxe3 10.Qxe3 Nf6 11.O-O-O Qc7 12.g4 O-O 13.g5 Ne8 14.f4 b5 15.Kb1 Bb7
16.Rhg1 Rc8 17.Ne2 e5 18.f5 Nb4 19.Rc1 d5 20.a3 dxe4 21.axb4 exd3 22.cxd3 Qd6
23.Nc5 Ba8 24.Ng3 Rd8 25.f6 g6 26.Rge1 Nc7 27.Qxe5 Qb6 28.Qf4 Nd5 29.Qh4 h5
30.Nxh5 Nxb4 31.Qxb4 gxh5 32.Re7 Rd5  1-0

[Event "Novi Sad ol (Men)"]
[Site "Novi Sad"]
[Date "1990.??.??"]
[Round "5"]
[White "Hamdouchi, Hichem"]
[Black "Cheah, Eric"]
[Result "1/2-1/2"]
[WhiteElo "2390"]
[BlackElo "2270"]

1.e4 c5 2.Nf3 e6 3.d4 cxd4 4.Nxd4 a6 5.Bd3 Bc5 6.Nb3 Ba7 7.Qe2 Nc6 8.Be3 Bxe3
9.Qxe3 d6 10.a4 Nf6 11.O-O O-O 12.N1d2 b6 13.f4 Qc7 14.Nc4 Nd7 15.e5 dxe5
16.Rae1 f5 17.fxe5 Bb7 18.Re2 Rad8 19.Nd4 Nxd4 20.Qxd4 Nc5 21.Nd6 Ne4 22.Qc4 Qxc4
23.Nxc4 Nc5 24.Nd6 Bd5 25.b4 Nd7 26.Nc4 Kh8 27.h4 g5 28.hxg5 Rg8 29.Nd2 Rxg5
30.Bxa6 Nxe5 31.Rff2 Ng4 32.Rf1 Rdg8 33.Nf3 R8g6 34.Nh4 Rh6 35.Nf3 f4 36.Ne1 e5
37.Rd2 Ne3 38.Rff2 Rg4 39.Nf3 e4 40.Rxd5 exf3 41.Rd8+ Kg7 42.Rd7+ Kf8 43.Bb7 Rxg2+
44.Rxg2 fxg2 45.Bxg2 Rg6 46.Kf2 Nxg2 47.Rxh7 Ne3 48.Kf3 Nxc2 49.a5 Nxb4 50.axb6 Rxb6
51.Kxf4 Nd5+ 52.Ke5 Ne7 53.Rh1 Ng6+ 54.Kf5 Kg7 55.Ra1  1/2-1/2

[Event "Novi Sad ol (Men)"]
[Site "Novi Sad"]
[Date "1990.??.??"]
[Round "5"]
[White "Martin del Campo, Roberto"]
[Black "Hasan, Younus"]
[Result "1-0"]
[WhiteElo "2410"]
[BlackElo "2260"]

1.e4 c5 2.Nf3 e6 3.d4 cxd4 4.Nxd4 a6 5.Bd3 Nf6 6.O-O d6 7.c4 Be7 8.Nc3 Qc7
9.Kh1 b6 10.f4 Bb7 11.Qe2 Nbd7 12.b3 b5 13.Bb2 b4 14.Na4 Nc5 15.Nxc5 dxc5
16.Nc2 a5 17.e5 Nd7 18.f5 O-O-O 19.fxe6 fxe6 20.Rf7 Bg5 21.Qg4 Bd2 22.Qxe6 Bc3
23.Bxc3 bxc3 24.Bf5 Rhe8 25.Rxd7 Rxe6 26.Rxc7+ Kxc7 27.Bxe6 Rd2 28.Ne3 c2
29.Bg4 g6 30.Rc1 Be4 31.Bf3 Bd3 32.h4 Kd7 33.Bg4+ Ke7 34.Kh2 h5 35.Nd5+ Ke8  1-0

[Event "Novi Sad ol (Men)"]
[Site "Novi Sad"]
[Date "1990.??.??"]
[Round "11"]
[White "Rodriguez, Amador"]
[Black "Fernandes, Antonio"]
[Result "1-0"]
[WhiteElo "2515"]
[BlackElo "2445"]

1.e4 c5 2.Nf3 e6 3.d4 cxd4 4.Nxd4 a6 5.Bd3 Qc7 6.O-O Nf6 7.Nd2 d5 8.Qe2 dxe4
9.Nxe4 Nbd7 10.c4 Be7 11.b3 Nxe4 12.Bxe4 Nc5 13.Bc2 Bf6 14.Bb2 O-O 15.Rad1 Rb8
16.Rfe1 g6 17.Nb5 Qe7 18.Be5 Bxe5 19.Qxe5 Nd7 20.Qd6 Qxd6 21.Nxd6 Nf6 22.Ne4 Kg7
23.Rd6 Re8 24.Nxf6 Kxf6 25.c5 Ke7 26.Red1 Ra8 27.Be4 Ra7 28.f4 a5 29.Kf2 h6
30.h4 Rg8 31.g3 g5 32.Kf3 gxh4 33.gxh4  1-0

[Event "Novi Sad ol (Men)"]
[Site "Novi Sad"]
[Date "1990.??.??"]
[Round "11"]
[White "Roselli Mailhe, Bernardo"]
[Black "Afifi, Assem"]
[Result "1/2-1/2"]
[WhiteElo "2365"]
[BlackElo "2400"]

1.e4 c5 2.Nf3 e6 3.d4 cxd4 4.Nxd4 a6 5.Bd3 Nc6 6.Be3 Nf6 7.O-O Qc7 8.Nxc6 bxc6
9.c4 Be7 10.Nc3 O-O 11.Rc1 d6 12.f4 g6 13.Kh1 Nd7 14.Bb1 f5 15.exf5 gxf5
16.b4 Nf6 17.Rf3 c5 18.Rg3+ Kf7 19.a3 Bb7 20.Bd3 Rg8 21.Be2 Rxg3 22.hxg3 Rg8
23.Bf2 Ng4 24.Qf1 Bf6 25.bxc5 dxc5 26.Bf3 Rg6 27.Bxg4 Rxg4 28.Nd1 Qa5 29.Qd3 Be4
30.Qd7+ Be7 31.Ne3 Rg8 32.Re1 Rd8 33.Qa7 Qxa3 34.g4 fxg4 35.Bh4 Re8 36.Kh2 Qb4
37.Nxg4 Qb7 38.Ne5+ Kg7 39.Qxb7 Bxb7 40.Bxe7 Rxe7 41.Nd3 Bc8 42.Ra1 Rd7 43.Nxc5 Rd4
44.Rxa6 Rxc4 45.Rc6 Bd7 46.Nxe6+  1/2-1/2

[Event "Wch U26"]
[Site "Odessa"]
[Date "1990.??.??"]
[Round "23"]
[White "Jonsson, Bjorgvin"]
[Black "Langner, Ladislav"]
[Result "1-0"]
[WhiteElo "2400"]
[BlackElo "2390"]

1.e4 c5 2.Nf3 e6 3.d4 cxd4 4.Nxd4 a6 5.Bd3 Bc5 6.Nb3 Ba7 7.Nc3 Nc6 8.Qe2 d6
9.Be3 b5 10.O-O-O Nge7 11.f4 Bd7 12.Bxa7 Nxa7 13.Qh5 b4 14.Ne2 Nac6 15.Rhf1 Qc7
16.Rf3 a5 17.Kb1 a4 18.Nd2 Ng6 19.Rg3 Ra5 20.Rg5 Rxg5 21.Qxg5 O-O 22.Nc4 b3
23.cxb3 axb3 24.a3 f6 25.Qg3 Rc8 26.Qe3 Nge7 27.Nb6 Qa7 28.Qg1 Rb8 29.Nxd7 Qxd7
30.Nd4 Na5 31.Qe1 Qa4 32.Nxe6 Nec6 33.Rc1 Nb4 34.Qg3 g6 35.Rc7 Rb7 36.Rc8+ Kf7
37.Nd8+ Ke7 38.Nxb7 Kd7 39.Qh3+ f5 40.Qxh7+  1-0

[Event "Orange op"]
[Site "Orange"]
[Date "1990.??.??"]
[Round "9"]
[White "Prie, Eric"]
[Black "Velikov, Petar"]
[Result "1-0"]
[WhiteElo "2405"]
[BlackElo "2495"]

1.e4 c5 2.Nf3 e6 3.d4 cxd4 4.Nxd4 a6 5.Bd3 Nf6 6.O-O Qc7 7.Qe2 d6 8.c4 Nbd7
9.b3 g6 10.Bb2 Bg7 11.Nc3 O-O 12.h3 b6 13.Rac1 Bb7 14.Bb1 Rac8 15.Qd2 Rfd8
16.Rfe1 Qb8 17.Rcd1 Nc5 18.Qe3 Qa8 19.Nf3 d5 20.cxd5 exd5 21.e5 Nfe4 22.Ne2 Re8
23.b4 Na4 24.Bd4 b5 25.Qf4 Qb8 26.Bxe4 dxe4 27.Ng5 Qc7 28.Rc1 Qd7 29.Rxc8 Rxc8
30.Nxe4 Bxe4 31.Qxe4 Qc6 32.Qe3 Rd8 33.Ba1 Qc4 34.Nd4 Qd5 35.Nb3 Re8 36.a3 Qc4
37.Nc5 Nxc5 38.Qxc5 Qxc5 39.bxc5 h6 40.c6 Rc8 41.Rc1 Bf8 42.Rc3 Bg7 43.Rc2 Bf8
44.Bb2 Be7 45.Bc1 h5 46.Rc3 Kf8 47.Kf1 Ke8 48.Be3 b4 49.axb4 Bxb4 50.Rc4 a5
51.Bb6 Ke7 52.c7 Kd7 53.Ke2 Ke7 54.Rd4  1-0

[Event "Pamplona"]
[Site "Pamplona"]
[Date "1990.??.??"]
[Round "?"]
[White "Gomez Esteban, Juan Mario"]
[Black "Illescas Cordoba, Miguel"]
[Result "0-1"]
[WhiteElo "2415"]
[BlackElo "2535"]

1.e4 c5 2.Nf3 e6 3.d4 cxd4 4.Nxd4 a6 5.Bd3 Bc5 6.Nb3 Ba7 7.Qe2 Nc6 8.Be3 Bxe3
9.Qxe3 Nge7 10.Nc3 O-O 11.O-O-O d6 12.f4 Qc7 13.Kb1 b5 14.h4 b4 15.Ne2 a5
16.h5 a4 17.Nbc1 a3 18.b3 e5 19.h6 g6 20.f5 Kh8 21.Rdf1 f6 22.fxg6 hxg6 23.Rf2 Be6
24.Rhf1 f5 25.Qg5 Rf7 26.g4 f4 27.Nxf4 exf4 28.Rxf4 Rxf4 29.Rxf4 Ng8 30.Qxg6 Ne5
31.Qg5 Rc8 32.Rf2 Nxg4 33.Rf1 Qc3 34.Qg7+ Qxg7 35.hxg7+ Kxg7 36.Ba6 Rc6 37.Bb5 Rb6
38.Be2 Ne5 39.Nd3 Nxd3 40.cxd3 Rc6  0-1

[Event "Paris-ch"]
[Site "Paris"]
[Date "1990.??.??"]
[Round "?"]
[White "Hauchard, Arnaud"]
[Black "Sandler, Leonid"]
[Result "1-0"]
[WhiteElo "2340"]
[BlackElo "2325"]

1.e4 c5 2.Nf3 e6 3.d4 cxd4 4.Nxd4 a6 5.Bd3 Nc6 6.Nxc6 bxc6 7.Nd2 d5 8.O-O Nf6
9.Qe2 Be7 10.b3 Bb7 11.Bb2 O-O 12.f4 Re8 13.Kh1 g6 14.Qf2 c5 15.Rae1 d4 16.Nc4 Nd7
17.c3 dxc3 18.Bxc3 Nb6 19.Rd1 Nxc4 20.Bxc4 Qb6 21.f5 Bxe4 22.fxe6 f5 23.Qb2 Rad8
24.Rd7 Qc6 25.Bh8  1-0

[Event "World op"]
[Site "Philadelphia"]
[Date "1990.??.??"]
[Round "6"]
[White "Kudrin, Sergey"]
[Black "Gurevich, Ilya"]
[Result "0-1"]
[WhiteElo "2565"]
[BlackElo "2410"]

1.e4 c5 2.Nf3 e6 3.d4 cxd4 4.Nxd4 a6 5.Bd3 Nf6 6.O-O Qc7 7.Qe2 Bc5 8.Nb3 Ba7
9.e5 Nd5 10.c4 Nb4 11.Bf4 N8c6 12.N1d2 Nxd3 13.Qxd3 f5 14.Qg3 O-O 15.c5 b5
16.cxb6 Bxb6 17.Rac1 Qb8 18.Nc4 Bc7 19.h4 Ne7 20.Nd6 Bxd6 21.exd6 Nd5 22.Be5 Rf7
23.Rc5 f4 24.Qg5 h6 25.Qg6 Bb7 26.Na5 Nf6 27.Nxb7 Qxb7 28.Rfc1 Raf8 29.b3 Nd5
30.R5c4 Qb8 31.Kh2 Qd8 32.Kh3 f3 33.g3 Nf6 34.Rc7 Ne8 35.Rc8 Qa5 36.Bc3 Qxa2
37.Qc2 Qxc2 38.Rxc2 Nxd6 39.Rxf8+ Rxf8 40.Bb4 Rc8 41.Rxc8+ Nxc8 42.Kg4 Kf7
43.Kxf3 h5 44.Ke4 Na7 45.Bc3 Nc6 46.f3 g6 47.g4 d5+ 48.Kf4 e5+ 49.Bxe5 Nxe5
50.Kxe5 g5  0-1

[Event "URS-chT"]
[Site "Podolsk"]
[Date "1990.??.??"]
[Round "?"]
[White "Dvoirys, Semen I"]
[Black "Poluljahov, Aleksandr"]
[Result "1-0"]
[WhiteElo "2535"]
[BlackElo "2370"]

1.e4 c5 2.Nf3 e6 3.d4 cxd4 4.Nxd4 a6 5.Bd3 Nf6 6.O-O d6 7.f4 g6 8.Nf3 Bg7
9.Qe1 O-O 10.Nc3 Nc6 11.Kh1 b5 12.f5 Ne5 13.Nxe5 dxe5 14.fxg6 fxg6 15.Be3 Bb7
16.Bc5 Rf7 17.a4 bxa4 18.Nxa4 Qc7 19.Bg1 Bf8 20.Nb6 Re8 21.Nc4 Bc5 22.Qa5 Bxg1
23.Kxg1 Qb8 24.Nxe5 Rff8 25.Qc3 Rc8 26.Bc4 Kg7 27.Rxf6 Rxf6 28.Ng4 Qf4 29.Nxf6 Qxf6
30.Qxf6+ Kxf6 31.Bd3 Rc5 32.Kf2 a5 33.g3 Rh5 34.h4 Rc5 35.Ke3 Ke7 36.g4  1-0

[Event "Bohemians-B"]
[Site "Prague"]
[Date "1990.??.??"]
[Round "?"]
[White "Zolnierowicz, Krzysztof"]
[Black "Damjanovic, Mato"]
[Result "1/2-1/2"]
[WhiteElo "2400"]
[BlackElo "2335"]

1.e4 c5 2.Nf3 e6 3.d4 cxd4 4.Nxd4 a6 5.Bd3 Nc6 6.Nxc6 dxc6 7.O-O e5 8.Nd2 Qc7
9.Nc4 b5 10.Ne3 Be6 11.a4 Rb8 12.axb5 axb5 13.c4 b4 14.Qa4 Nf6 15.Nd5 Qd7
16.Nxf6+ gxf6 17.Be2 Bc5 18.Be3 Bd4 19.Bxd4 exd4 20.Qb3 Rg8 21.f4 Bg4 22.Bxg4 Qxg4
23.Rf2 Qd7 24.c5 Ke7 25.Qc4 Rgd8 26.Rd1 Qe6 27.Rc2 Qg4 28.Rf1 Rb5 29.f5 Kf8
30.Qd3 Rb7 31.Rc4 Re7 32.Re1 Red7 33.Rxb4 Qf4 34.e5 fxe5 35.g3 e4 36.Rxe4 Qc1+
37.Kg2 Qxc5 38.Rc4 Qd5 39.Rxd4 Qxd4 40.Rxd4 Rxd4 41.Qc3 R8d6 42.Kh3 Rh6+
43.Kg2 Rhd6 44.Kh3 Rh6+  1/2-1/2

[Event "Prague Metro-B"]
[Site "Prague"]
[Date "1990.??.??"]
[Round "7"]
[White "Tobyas, Miroslav"]
[Black "Spesny, Jan"]
[Result "0-1"]
[WhiteElo "2310"]
[BlackElo "2340"]

1.e4 c5 2.Nf3 e6 3.d4 cxd4 4.Nxd4 a6 5.Bd3 d6 6.c4 Nf6 7.Nc3 Be7 8.O-O Qc7
9.Qe2 Nbd7 10.f4 O-O 11.Nf3 g6 12.Be3 b6 13.Rac1 Bb7 14.Bd4 Rac8 15.Rfe1 Rfe8
16.Qf2 e5 17.Be3 Ng4 18.Qd2 Nxe3 19.Qxe3 d5 20.Qd2 dxc4 21.Bxc4 Bc5+ 22.Kh1 exf4
23.Nd5 Bxd5 24.Bxd5 a5 25.Ng5 Rf8 26.Rf1 h6 27.Nh3 g5 28.g3 Nf6 29.gxf4 g4
30.Qg2 Kh7 31.Nf2 Qd7 32.Bb3 Bxf2 33.Rxf2  0-1